| 000 | 005390000a22001810004500 | ||
|---|---|---|---|
| 003 | MACL | ||
| 005 | 20160421151803.0 | ||
| 008 | 160421b xxu||||| |||| 00| 0 eng d | ||
| 040 |
_aMACL _cMACL |
||
| 041 | _aHindi | ||
| 082 | _a796 | ||
| 100 |
_aयोगराज थानी _946330 |
||
| 245 |
_aओलिम्पिक _b1896-2004 |
||
| 260 |
_bस्पोर्टस पब्लिकेशन्स _c2006 _aदिल्ली |
||
| 350 | _a650 | ||
| 650 |
_aOutdoor Sports & Games _953179 |
||
| 942 |
_cHIN _k796 _2ddc |
||
| 999 |
_c17986 _d17986 |
||